| 000 | 01833cam a22003977a 4500 | ||
|---|---|---|---|
| 001 | 3707 | ||
| 003 | FISKH | ||
| 005 | 20240611154055.0 | ||
| 008 | 120514s2009 enkab j 001 0 eng | ||
| 010 | _a 2011288390 | ||
| 015 |
_aGBB043957 _2bnb |
||
| 016 | 7 |
_a015517149 _2Uk |
|
| 020 | _a9780745960562 (UK hardback) | ||
| 020 | _a9780825478963 (US hardback) | ||
| 020 | _a9780745962177 (pbk.) | ||
| 020 | _a0745962173 (pbk.) | ||
| 035 | _a(OCoLC)ocn573415358 | ||
| 040 |
_aUKM _cUKM _dBTCTA _dYDXCP _dBDX _dDLC _beng |
||
| 042 | _alccopycat | ||
| 050 | 0 | 0 |
_aBS551.3 _b.G655 2009 |
| 082 | 0 | 0 | _a220.9/505 |
| 100 | 1 | _aGoodings, Christina. | |
| 245 | 1 | 0 |
_aI want to know about the Bible / _cChristina Goodings ; illustrated by Jan Lewis. |
| 260 |
_aOxford : _bLion Children's, _c2009. |
||
| 300 |
_a46 unnumbered pages : _bcolor illustrations ; map ; _c27 cm |
||
| 500 | _aIncludes index. | ||
| 505 | _aH | ||
| 520 | _aProviding an accessible introduction to the Bible with a series of information pages, feature boxes and illustrations, this paperback presents key episodes from the unfolding story of the Bible to help young readers understand what's in the Bible, how it came to be put together and why people still read it today. Topics covered include storytelling, Bible languages, types of writing, the prophets, the Gospels, the early Christians, gathering the books, and how to read the Bible. Together they offer a concise, comprehensive yet accessible introduction to the book of the Christian faith. Also available: I Want to Know About Jesus | ||
| 521 | 8 |
_a410
_bLexile estimate |
|
| 521 | 8 |
_aH
_bRaz-Plus estimate |
|
| 650 | 0 | _aBible stories, English. | |
| 700 | 1 |
_aLewis, Jan, _d1956- _eillustrator |
|
| 906 |
_a7 _bcbc _ccopycat _d2 _encip _f20 _gy-gencatlg |
||
| 942 |
_2ddc _cBK _n0 |
||
| 999 |
_c3707 _d3707 |
||